Proces strategickej zmeny na zákaznicky orientovanú spoločnosť

Podnikanie a stratégie v podnikaní. Konkurencieschopnosť podnikov. Dve dimenzie konkurencie. Od produktovej k zákazníckej orientácii. Zákazník ako najvyššia priorita. Riadenie vzťahov so zákazníkmi.

Gespeichert in:
Bibliographische Detailangaben
1. Verfasser: Novotná, Ľuboslava
Format: Buchkapitel
Sprache:Slowakisch
Schlagworte:
Tags: Tag hinzufügen
Keine Tags, Fügen Sie das erste Tag hinzu!

MARC

LEADER 00000naa$a2200000$$$4500
001 0014785
005 20221128113034.4
041 0 |a slo 
044 |a SK 
245 1 0 |a Proces strategickej zmeny na zákaznicky orientovanú spoločnosť  |c aut. Ľuboslava Novotná 
520 |a Podnikanie a stratégie v podnikaní. Konkurencieschopnosť podnikov. Dve dimenzie konkurencie. Od produktovej k zákazníckej orientácii. Zákazník ako najvyššia priorita. Riadenie vzťahov so zákazníkmi. 
610 2 0 |a marketing 
610 2 0 |a výrobky 
610 2 0 |a zákazníci 
100 1 |a Novotná, Ľuboslava